Nennen Sie alle Mannschaften der Fußball-Bundesliga Herren 2024 2025 - Statistiken

Allgemein
  • Dieses Quiz wurde 122 mal gespielt
  • Das Durchschnittsergebnis liegt bei 7 aus 18
Antwortstatistiken
Antwort % Korrekt
FC Bayern München
91%
Borussia Dortmund
66%
Borussia Mönchengladbach
51%
Holstein Kiel
51%
FC Augsburg
43%
Eintracht Frankfurt
42%
RB Leipzig
42%
VfB Stuttgart
40%
TSG Hoffenheim
37%
Bayer 04 Leverkusen
35%
FC St. Pauli
35%
VfL Wolfsburg
35%
SC Freiburg
32%
SV Werder Bremen
26%
1. FC Union Berlin
25%
1. FSV Mainz 05
17%
VfL Bochum 1848
8%
1. FC Heidenheim 1846
3%
Keine übereinstimmenden Quizze gefunden
Verteilung der Resultate
Anzahl Personen mit jedem Resultat
Perzentil nach korrekt beantworteten Fragen
Ihre Resultats-Entwicklung
Sie haben dieses Quiz noch nicht gespielt